Statistics for Most Obese States

Click here to take the quiz!

General Stats

  • This quiz has been taken 117 times
    (52 since last reset)
  • The average score is 12 of 15

Answer Stats

Obesity RateState% Correct
29.7%Texas
100%
33.0%Arkansas
98%
32.1%Alabama
93%
35.2%Mississippi
93%
31.5%Kentucky
84%
33.2%Louisiana
84%
28.6%South Carolina
84%
30.9%Missouri
82%
34.3%West Virginia
80%
29.3%Kansas
78%
29.9%Ohio
78%
32.6%Oklahoma
78%
31.4%Indiana
73%
31.1%Iowa
71%
30.8%Michigan
58%

Score Distribution

Percentile by Number Answered

Percent of People with Each Score

Your Score History

You have not taken this quiz since the last reset